000
00308nam a22001337a 4500
003
SGT
082
_a
362.1
_b
SIN
100
_a
SINGH, NITU
245
_a
SOCIAL AND PREVENTIVE PHARMACY
260
_a
INDIA
_b
PEE VEE PUB.
_c
2019
300
_a
171
650
_a
SOCIAL AND PREVENTIVE PHARMACY
942
_2
ddc
_c
BK
999
_c
32474
_d
32474